[Event "Punta del Este Interdepartamental"]
[Site "Punta del Este"]
[Date "2019.08.25"]
[Round "5.3"]
[White "Souza, Ruben Trajano"]
[Black "Muzzi, Eduardo"]
[Result "0-1"]
[WhiteElo "1855"]
[BlackElo "1919"]
[PlyCount "42"]
[EventDate "2019.08.23"]
[EventType "team-swiss"]
[EventRounds "5"]
[EventCountry "URU"]
[SourceTitle "EXT 2020"]
[Source "ChessBase"]
[SourceDate "2019.10.17"]
[SourceVersion "1"]
[SourceVersionDate "2019.10.17"]
[SourceQuality "1"]
[WhiteTeam "Rivera"]
[BlackTeam "Canelones Las Piedras"]
[WhiteTeamCountry "URU"]
[BlackTeamCountry "URU"]

1. d4 Nf6 2. Bf4 g6 3. e3 Bg7 4. Nf3 d6 5. Be2 0-0 6. h3 c5 7. c3 cxd4 8. exd4 Be6 9. Nbd2 Qb6 10. Qc1 Nc6 11. 0-0 Rac8 12. Re1 Bd5 13. Bf1 Rfe8 14. c4 Bxf3 15. Nxf3 Nh5 16. Be3 Nxd4 17. Nxd4 Bxd4 18. Bxd4 Qxd4 19. Qc2 Rc7 20. Rad1 Qc5 21. Rd5 Qxd5 0-1